000 00739nam a2200253Ia 4500
003 OSt
005 20251203105234.0
008 210716s2016 xx 000 0 und d
020 _a9781316638491
040 _cAIMIT LIBRARY
041 _aeng
082 _a005.762
_bLESJ
100 _aLeskovec, Jure.
_9247354
245 _aMining of massive datasets.
250 _a2nd ed.
260 _aNew Delhi :
_bCambridge University Press ,
_c2016.
300 _axi,467 p.;
_bPB
_c25cm.
650 _aFinding similiar items
_9247355
650 _aFrequent itemsets
_9247356
650 _aAdvertising on the web
_9247357
700 _aRajaraman, Anand.
_9247358
700 _aUllman, Jeffrey David
_9247359
942 _2ddc
_cBK
_k005.762 LESJ
999 _c195500
_d195500